000 00364nam a2200133Ia 4500
008 240624s9999 xx 000 0 und d
041 _aeng
082 _a020 CRE
100 _aCREWS KENNETH D
245 _aCOPYRIGHT LAW FOR LIBRARIANS AND EDUCATO
260 _c2009
_aNew Delhi
_bIndiana Publishing House
300 _aix, : 141 : p. : cm. ; 28
365 _cRS
_b20
999 _c13142
_d13142